| 000 | 00719nam a22001577a 4500 | ||
|---|---|---|---|
| 003 | OSt | ||
| 005 | 20150916090545.0 | ||
| 008 | 150916b xxu||||| |||| 00| 0 eng d | ||
| 040 | _cRUA | ||
| 082 | _aAGR KON 2003 B028 Or.1 | ||
| 100 |
_9555 _aKONG, KONKEA. |
||
| 245 | _aStudy on integrated development program by "prasac II kompong speu program" in oudong district សិក្សាលើកម្មវិធីអភិវឌ្ឍន៏ចំរុះរបស់់កម្មវធីប្រាសាក់ពីរ ខេត្ដកំពង់ស្ពឺ នៅស្រុកឧដុង្គ | ||
| 260 |
_aPhnom Penh _bRUA _c2003 |
||
| 300 |
_a47p. _bill. _c29cm. |
||
| 942 |
_2ddc _cAGR |
||
| 999 |
_c532 _d532 |
||